00514nam a22001217a 4500008004100000040005500041080002600096245016600122260003900288300001500327650001600342700003400358230424b |||||||| |||| 00| 0 eng d aNational Science LibrarycNational Science Library a519.24.004.14(05)bK9 aMultivariate analysiscProceedings of the second international symposium on multivariate analysis held at Wright State University, Dayton, Ohio, 17-22 June, 1968 aNew York: bAcademic Press, c1969 axx, 696p.. aProceedings aKrishnaiah, Paruchuri R (Ed.)